000 00456pam a2200157a 44500
008 230515b2018 xxu||||| |||| 00| 0 eng d
020 _a9789383864232
041 _aENGLISH
082 _a000
100 _aMINISTRY OF AYUSH
245 _aGENERAL GUIDELINE FOR DRUG DEVOLOPMENT OF AYURVEDIC FORMULATIONS
250 _aI
260 _aNEWDELHI
_bNULL
_c2018
300 _a100
650 _aGENERAL GUIDELINE FOR DRUG DEVOLOPMENT OF AYURVEDIC FORMULATIONS
999 _c502253
_d502253